00451nam a22001457a 450000500170000000800410001702000150005804100130007308200140008610000250010024500800012526000470020530000280025265000250028020231109093200.0231109b |||||||| |||| 00| 0 eng d a0702150592 aEnglish  a346.2 FIN aFinsen, E lEnglish  aThe Building Contract : bA commentary on the JBCC Agreements / cE Finsen  aCape Town : bJuta and Company Ltd, c1999 b375 pages ; c25,5 cm.  aLegal practice bLaw